| 000 -LEADER |
| fixed length control field |
00491nam a22000977a 4500 |
| 008 - FIXED-LENGTH DATA ELEMENTS--GENERAL INFORMATION |
| fixed length control field |
160418b xxu||||| |||| 00| 0 eng d |
| 100 ## - MAIN ENTRY--AUTHOR'S NAME |
| Author's Name |
Eichenthal, V. |
| 245 ## - TITLE STATEMENT |
| Title |
Eesti : illustrated specialized catalogue of Estonia |
| 260 ## - PUBLICATION, DISTRIBUTION, ETC. (IMPRINT) |
| Place of publication, distribution, etc. |
Toronto |
| Name of publisher, distributor, etc. |
The Philatelic Specialists Society of Canada |
| Date of publication, distribution, etc. |
1962 |
| 650 ## - TOPICAL TERM (Tag) |
| Topical term or geographic name |
Russia | Estonia | Germany | Occupation of Estonia | Catalogs and Price Lists | Postal History | Postal Markings | Postal Rates | Forgeries and Counterfeits | Errors and Varieties | Production |